Sports Quiz

Random Sports or Basketball Quiz

NBA Single Season Top 10s Quiz Stats

 Plays Quiz Updated Apr 16, 2018

Challenge
Share
Tweet
Embed
Score 0/80 Timer 10:00
4 Plays Today
Hint Answer % Correct
Points Per GameMichael Jordan
98.9%
Points Per GameMichael Jordan
98.9%
Steals Per GameMichael Jordan
98.9%
Field Goal %DeAndre Jordan
98.1%
Field Goal %DeAndre Jordan
98.1%
Field Goal %DeAndre Jordan
98%
Points Per GameWilt Chamberlain
96.4%
Points Per GameWilt Chamberlain
96.4%
Points Per GameWilt Chamberlain
96.4%
Points Per GameWilt Chamberlain
96.4%
Points Per GameWilt Chamberlain
96.4%
Rebounds Per GameWilt Chamberlain
96.4%
Rebounds Per GameWilt Chamberlain
96.4%
Rebounds Per GameWilt Chamberlain
96.4%
Rebounds Per GameWilt Chamberlain
96.4%
Rebounds Per GameWilt Chamberlain
96.4%
Rebounds Per GameWilt Chamberlain
96.4%
Field Goal %Wilt Chamberlain
96.4%
Field Goal %Wilt Chamberlain
96.4%
Points Per GameKobe Bryant
95.1%
Assists Per GameJohn Stockton
94.8%
Assists Per GameJohn Stockton
94.8%
Assists Per GameJohn Stockton
94.8%
Assists Per GameJohn Stockton
94.8%
Assists Per GameJohn Stockton
94.8%
Steals Per GameJohn Stockton
94.8%
Assists Per GameMagic Johnson
94%
Assists Per GameMagic Johnson
94%
Assists Per GameMagic Johnson
94%
Steals Per GameMagic Johnson
94%
Rebounds Per GameBill Russell
87.2%
Rebounds Per GameBill Russell
87.2%
Rebounds Per GameBill Russell
87.2%
Rebounds Per GameBill Russell
87.2%
Points Per GameKareem Abdul-Jabbar
87%
Assists Per GameIsiah Thomas
86.9%
Blocks Per GameHakeem Olajuwon
82.5%
Blocks Per GameHakeem Olajuwon
82.5%
Field Goal %Rudy Gobert
79%
Free Throw %Ray Allen
76.9%
Hint Answer % Correct
Blocks Per GameDavid Robinson
76.2%
3-Point %Steve Kerr
68.8%
3-Point %Steve Kerr
68.8%
3-Point %Steve Kerr
68.8%
3-Point %Kyle Korver
66.3%
3-Point %Kyle Korver
64.5%
Blocks Per GameDikembe Mutombo
63.8%
Points Per GameRick Barry
52.7%
Free Throw %Rick Barry
52.7%
Free Throw %Mark Price
52.4%
Free Throw %Mark Price
52.4%
Steals Per GameAlvin Robertson
49.8%
Steals Per GameAlvin Robertson
49.8%
Steals Per GameAlvin Robertson
49.8%
Steals Per GameAlvin Robertson
49.8%
Blocks Per GameManute Bol
49.1%
Blocks Per GameManute Bol
49.1%
Blocks Per GameMark Eaton
48.4%
Blocks Per GameMark Eaton
48.4%
Field Goal %DeAndre Jordan
48.1%
Field Goal %Tyson Chandler
44.1%
Free Throw %Brian Roberts
37.2%
Free Throw %Jose Calderon
36.7%
Free Throw %Mahmoud Abdul-Rauf
32.5%
Free Throw %Jeff Hornacek
31.8%
Blocks Per GameElmore Smith
31.4%
Field Goal %Artis Gilmore
22%
Field Goal %Artis Gilmore
22%
Free Throw %Calvin Murphy
21.7%
Blocks Per GameTree Rollins
19%
3-Point %Detlef Schrempf
17.8%
3-Point %Jason Kapono
15.1%
3-Point %Craig Hodges
11.9%
Steals Per GameMicheal Ray Richardson
11.5%
3-Point %Tim Legler
10.6%
Assists Per GameKevin Porter
8%
Steals Per GameSlick Watts
4.2%
Steals Per GameDon Buse
3.5%
Free Throw %Ernie DiGregorio
3.2%
3-Point %Jon Sundvold
1.9%

You're not logged in!

Compare scores with friends on all Sporcle quizzes.
OR
Log In

You Might Also Like...

Show Comments

Extras

Top Quizzes Today


Score Distribution

Your Account Isn't Verified!

In order to create a playlist on Sporcle, you need to verify the email address you used during registration. Go to your Sporcle Settings to finish the process.

Report this User

Report this user for behavior that violates our Community Guidelines.

Details: